02435nac a22002171u 4500010001700000020003300017020003300050082001400083090001500097100003400112245004900146260005700195300002700252440002400279504006600303505166500369650002902034942001202063999001502075952012702090 a 2002014154 a0745629598 (hb : alk. paper) a0745629601 (pb : alk. paper)00a327bL444 c1989d1989 aLawson, Stephanie. 10aInternational relations /cStephanie Lawson. aCambridge, UK ;aMalden, MA, USAbPolity, 2003c2003 aviii, 160 p. ;c24 cm. 0aShort introductions aIncludes bibliographical references (p. [141]-149) and index.0 aEras in world politics -- The domain of international relations -- Approaches to the study of international relations -- Defining the international -- Mapping the international -- Internationalizing the state system -- Globalizing the international -- Defining the state -- States and empires in the pre-modern world -- Political community and human nature -- The rise of modernity -- The sovereign state and state system -- The modern colonial empires -- Nationalism and the nation-state -- The first conflagration -- The liberal search for peace and security -- From 'peace in our time' to the return of total war -- Realism : telling it how it is -- Neoliberalism, Neorealism and Marxism -- The changing structure of world politics, 1945-1989 -- The end of the Cold War -- Methodology and scientific IR -- From the end of history to a new world order -- The clash of civilizations -- Ethnicity and the deadly politics of identity -- Culture and IR -- Culture and normative theory -- Realist perspectives on security -- The liberal security order -- Alternative approaches to security and insecurity -- The human security paradigm -- Humanitarian intervention -- Terrorism -- The idea of international society -- Global governance and the United Nations -- Global economic governance and the liberal order -- Global civil society and social movements -- Regionalization and world order -- A fragmenting world order? -- The postcolonial order -- The concept of globalization -- A brief history of globalization -- Globalization versus the state -- Culture and globalization -- Globalization, the state and normative theory -- Rethinking political community. 0aInternational relations. cBBk327 c1989d1989 00104070aMAINbMAINc1STd2006-02-07ePurchasel19m62o327 LAWp000002396r2025-07-15 00:00:00s2019-11-25v175.35yBB